000 00391nam a2200145 i 4500
001 36398
003 ES-MaACL
007 t|
008 030218s1975 sp ||||1| spa d
100 1 _aBuigas, Carlos.
_932455
245 1 0 _aAna e historias de mar y costa /
_cCarlos Buigas.
260 _aBarcelona :
_bUnidas,
_c[1975]
300 _a207 p. ;
_c24 cm.
852 _aES-MaACL
_jE-8422
_bR.92714
999 _c36398
_d36398